<?xml version="1.0" encoding="UTF-8"?>
<record
    xmlns:xsi="http://www.w3.org/2001/XMLSchema-instance"
    xsi:schemaLocation="http://www.loc.gov/MARC21/slim http://www.loc.gov/standards/marcxml/schema/MARC21slim.xsd"
    xmlns="http://www.loc.gov/MARC21/slim">

  <leader>01514nam a22002417a 4500</leader>
  <controlfield tag="001">6332</controlfield>
  <controlfield tag="003">FISKH</controlfield>
  <controlfield tag="005">20250423105250.0</controlfield>
  <controlfield tag="008">250422b        cb ||||| |||| 00| 0 eng d</controlfield>
  <datafield tag="020" ind1=" " ind2=" ">
    <subfield code="a">9780521179607</subfield>
  </datafield>
  <datafield tag="040" ind1=" " ind2=" ">
    <subfield code="a">FISKH</subfield>
    <subfield code="b">eng</subfield>
    <subfield code="c">FISKH</subfield>
    <subfield code="d">FISKH</subfield>
  </datafield>
  <datafield tag="050" ind1=" " ind2=" ">
    <subfield code="a">PE1128</subfield>
  </datafield>
  <datafield tag="082" ind1=" " ind2=" ">
    <subfield code="a"> 428.24</subfield>
  </datafield>
  <datafield tag="100" ind1=" " ind2=" ">
    <subfield code="a">Brook-Hart, Guy</subfield>
  </datafield>
  <datafield tag="245" ind1=" " ind2=" ">
    <subfield code="a">Complete IELTS :</subfield>
    <subfield code="b">Bands 4-5 Student's Book with Answer /</subfield>
    <subfield code="c">By Guy Brook-Hart and Vanessa Jakeman </subfield>
  </datafield>
  <datafield tag="250" ind1=" " ind2=" ">
    <subfield code="a">First published 2012</subfield>
  </datafield>
  <datafield tag="260" ind1=" " ind2=" ">
    <subfield code="a">Cambridge :</subfield>
    <subfield code="b">Cambridge University Press, </subfield>
    <subfield code="c">2012.</subfield>
  </datafield>
  <datafield tag="300" ind1=" " ind2=" ">
    <subfield code="a">198 pages : </subfield>
    <subfield code="b">color illustrations , with CD-ROM ;</subfield>
    <subfield code="c">28 cm .</subfield>
  </datafield>
  <datafield tag="520" ind1=" " ind2=" ">
    <subfield code="a">Complete IELTS combines the very best in contemporary classroom practice with stimulating topics aimed at young adults wanting to study at university. It is designed to introduce students to the critical thinking required for IELTS and provide strategies and skills to maximise their score. The 10 topic-based units offer step-by-step approach to completing the different task-types for reading and listening and stimulating speaking activities to increase confidence and fluency. A Language Reference provides further grammar and vocabulary explanations and examples while Writing and Speaking References complete with tasks, sample answers and exercises. The Student's Book includes a full IELTS practice test, and a CD-ROM containing additional skills, grammar and vocabulary exercises. </subfield>
  </datafield>
  <datafield tag="700" ind1=" " ind2=" ">
    <subfield code="a">Jakeman, Vanessa </subfield>
    <subfield code="e">Illustrator</subfield>
  </datafield>
  <datafield tag="942" ind1=" " ind2=" ">
    <subfield code="2">ddc</subfield>
    <subfield code="c">BK</subfield>
    <subfield code="n">0</subfield>
  </datafield>
  <datafield tag="999" ind1=" " ind2=" ">
    <subfield code="c">6332</subfield>
    <subfield code="d">6332</subfield>
  </datafield>
  <datafield tag="952" ind1=" " ind2=" ">
    <subfield code="0">0</subfield>
    <subfield code="1">0</subfield>
    <subfield code="2">ddc</subfield>
    <subfield code="4">0</subfield>
    <subfield code="7">0</subfield>
    <subfield code="8">REF</subfield>
    <subfield code="a">002</subfield>
    <subfield code="b">002</subfield>
    <subfield code="c">SNS</subfield>
    <subfield code="d">2025-04-22</subfield>
    <subfield code="l">0</subfield>
    <subfield code="o">BRO 428.24 PE1128</subfield>
    <subfield code="p">FISSE03256</subfield>
    <subfield code="r">2025-04-22 14:48:25</subfield>
    <subfield code="w">2025-04-22</subfield>
    <subfield code="y">BK</subfield>
  </datafield>
</record>
